LEADER 01199nam a2200265 i 4500 001 000000139784 003 CaOOAMICUS 005 20061025000000.0 008 061025s1972 fr u000 u fre u 013 $a113917 040 $aSeMil$bita 100 1 $aArminjon, Gabriel.$0(OLS)http://semarc/name/56387 245 10$aCharles Arminjon :$b... Ce prêtre qui inspira Thérèse de Lisieux /$cpar Gabriel Arminjon. 260 $aParis :$bBeauchesne,$c1972. 300 $a228 p. ;$c19 cm. 490 0 $aFigures d'hier et d'aujourd'hui 500 $aSul front. e all'interno del volume : Annotazioni varie. 600 14$aArminjon, Charles .$0(OLS)http://semarc/subject/27468 600 04$aTeresa : del Bambino Gesù .$0(OLS)http://semarc/subject/1572 830 0$aFigures d'hier et d'aujourd'hui.$0(OLS)http://semarc/title/22051 850 $aSeMil 852 $aSeMil$W1$xVenegono$y1$m3J II 348$j93174$B93174$CSeMilBibl$Z2$F116124 $81 961 $aRecupero: Altro 996 $6245$aCharles Arminjon :$b... Ce prêtre qui inspira Thérèse de Lisieux$9(OLS)http://semarc/title/204169 996 $6260$aParis :$bBeauchesne$9(OLS)http://semarc/publisher/29638 LEADER 00962nam a2200229 i 4500 001 000000202867 003 CaOOAMICUS 005 20151202000000.0 008 151202s1992 it u000 u ita u 013 $a181578 040 $aSeMil$bita 100 1 $aMariacher, Giovanni.$0(OLS)http://semarc/name/28109 245 12$aI mosaici di San Marco /$cGiovanni Mariacher. 260 $aMilano :$bKina,$c1992. 300 $a1 v. (alcune c. ripieg.). :$bin gran parte ill. ;$c32 cm. 500 $aTesti anche in tedesco, inglese e francese. - In testa al front.: Arte nei secoli. 650 4$aVenezia - Chiese - San Marco - Mosaici.$0(OLS)http://semarc/subject/22135 850 $aSeMil 852 $aSeMil$W1$xVenegono$y1$m5O X 3/A$j153366$B153366$CSeMilBibl$Z2$F209091 $81 961 $aOmaggio: Istituto San Vincenzo 996 $6245$aI mosaici di San Marco$9(OLS)http://semarc/title/293639 996 $6260$aMilano :$bKina$9(OLS)http://semarc/publisher/51782